000 00614nam a2200217Ia 4500
003 OSt
005 20230316114505.0
008 210423s2012 xx 000 0 und d
020 _a978-0-8047-8061-2
040 _cAL
041 _aeng
082 _a333.7
_223
_bBANP
100 _aBANZHAF (Spencer H)
_975700
245 _aPolitical economy of environmental justice
260 _aCalifornia
_bStanford University Press
_c2012
300 _axiv,280
_bHB
365 _b3942.2
_cGBP
650 _aNatural Resources & Energy
_975701
906 _aeconomy ; environmental ; justice ; Political
942 _2ddc
_cBK
999 _c168551
_d168551